00872nam a2200241Ia 4500003000400000005001700004008004100021020001800062040001800080041000800098082002300106100003300129245006100162250001200223260004400235300003000279650004700309650006200356650004100418942003200459999001900491952012000510OSt20260130145850.0210716s2017 xx 000 0 und d a9789386392619 cAIMIT LIBRARY aeng a338.0954 21bREDC aReddy, C Rammanohar.9253320 aDemonetisation and black money /cBy C Rammanohar Reddy. a1st ed. aHyderabad :bOrient Black Swam ,c2017. axxvi,244p. ;bPBc21.9 cm aSize of the black economy in India9253321 aIndian and global experiences with demonetisation9253322 aImpact on the banking system9253323 2ddccBKe1stk338.0954 REDC c181805d181805 001040708MCAaAIMITbAIMITd2021-07-16eDonatedl0o338.0954 REDCpMCA01313r2025-07-21 00:00:00w2021-07-16yBK